Trans butadiene piperylene elastomers-preparation and structural properties (Record no. 71460)

MARC details
000 -LEADER
fixed length control field 00415nam a2200133Ia 4500
100 ## - MAIN ENTRY--AUTHOR NAME
Personal name Carbonaro A
245 #0 - TITLE STATEMENT
Title Trans butadiene piperylene elastomers-preparation and structural properties
260 ## - PUBLICATION, DISTRIBUTION, ETC. (IMPRINT)
Name of publisher Proceedings of the International Rubber Conference, Venice, 1979; p312-321
700 ## - ADDED ENTRY--PERSONAL NAME
Personal name Bruzzone M
700 ## - ADDED ENTRY--PERSONAL NAME
Personal name Gargani L
700 ## - ADDED ENTRY--PERSONAL NAME
Personal name Sorta E
942 ## - ADDED ENTRY ELEMENTS (KOHA)
Koha item type Journals
Holdings
Withdrawn status Lost status Damaged status Not for loan Home library Current library Shelving location Date acquired Koha item type
      Journals RRII Library RRII Library Rubber chemistry 17/12/2021 Journals